| 000 | 01024nam a2200289 i 4500 | ||
|---|---|---|---|
| 001 | 69569 | ||
| 003 | Mx-PuUPA | ||
| 005 | 20220519154109.0 | ||
| 008 | 220518s2019 mx |||gr|||| 00| 0 spa d | ||
| 020 | _a9786070933950 | ||
| 040 |
_aMx-PuUPA _bspa _cMx-PuUPA _dMx-PuUPA _erda |
||
| 041 | 0 | _aspa | |
| 100 | 1 |
_aPreciado Briseño, Eduardo, _eautor _912610 |
|
| 245 | 1 | 0 |
_aLecciones de introducción al estudio del derecho / _cEduardo Preciado Briseño ; prólogo, Jacinto Valdés Martínez+ |
| 250 | _aPrimera edición | ||
| 264 | 1 |
_aCiudad de México : _bEditorial Porrúa, _c©2019 |
|
| 300 |
_axv, 182 páginas ; _c23 cm |
||
| 336 |
_2rdacontent _atexto _btxt |
||
| 337 |
_2rdamedia _asin medio _bn |
||
| 338 |
_2rdacarrier _avolumen _bnc |
||
| 650 | 7 |
_2armarc _aDerecho _xEstudio y enseñanza |
|
| 650 | 7 |
_2armarc _aJurisprudencia |
|
| 942 |
_2ddc _cLI _h340 _iP922 |
||
| 999 |
_c69569 _d69569 |
||